000 00300 a2200145 4500
001 155398
040 _cEscola São Tomás de Aquino
100 _aAZEVEDO, Gislaine
240 1 0 _aHistória
_lpor
245 1 0 _aHistória
300 _a239
440 1 _aÁtica
697 _aHISTÓRIA
942 _cBK
999 _c155398
_d155398